000 00343nam a2200145Ia 4500
008 230917s9999||||xx |||||||||||||| ||und||
040 _e38046
_aMAIN
041 _aEnglish
082 _a823.7 T325V
100 _aThackeray, W M
245 0 _aVanity fair
260 _aLondon
_bEveryman's Library
_c1968
300 _axii, 699 p.
942 _cBK
999 _c50438
_d50438